Your Money Manager (Record no. 346356)

000 -LEADER
fixed length control field 00346 a2200145 4500
020 ## - INTERNATIONAL STANDARD BOOK NUMBER
International Standard Book Number 0671675494
082 ## - DEWEY DECIMAL CLASSIFICATION NUMBER
Classification number 332.05
090 ## - LOCALLY ASSIGNED LC-TYPE CALL NUMBER (OCLC); LOCAL CALL NUMBER (RLIN)
-- 3895
-- 3895
100 ## - MAIN ENTRY--PERSONAL NAME
Personal name Lasser's ,J.K.
245 ## - TITLE STATEMENT
Title Your Money Manager
Statement of responsibility, etc. J.K.Lasser's
260 ## - PUBLICATION, DISTRIBUTION, ETC.
Place of publication, distribution, etc. New York
Name of publisher, distributor, etc. Simon & Schuster
Date of publication, distribution, etc. 1986
300 ## - PHYSICAL DESCRIPTION
Extent 78p
500 ## - GENERAL NOTE
General note Hard cover
942 ## - ADDED ENTRY ELEMENTS (KOHA)
Institution code [OBSOLETE] NBS
Koha item type Book
Call number prefix 332.05 LAS
Holdings
Withdrawn status Lost status Damaged status Not for loan Permanent Location Current Location Date acquired Total Checkouts Full call number Barcode Date last seen Date last checked out Price effective from Koha item type
        Central Library (CL) Central Library (CL) 08/28/2013 1 332.05 LAS NBS2775 11/22/2017 07/25/2017 08/28/2013 Book
© 2023 Central Library, National University of Sciences and Technology. All Rights Reserved.